The Years of Pixar Movies! - Statistics

General Stats
  • This quiz has been taken 232 times
    116 since last reset
  • The average score is 27 of 28
Answer Stats
Movie Year % Correct
Monsters, Inc. 2001
97%
The Incredibles 2004
97%
Cars 2006
97%
Up 2009
97%
Cars 2 2011
97%
Cars 3 2017
97%
Lightyear 2022
97%
Toy Story 1995
96%
A Bug's Life 1998
96%
Toy Story 2 1999
96%
Finding Nemo 2003
96%
Ratatouille 2007
96%
Wall-E 2008
96%
Toy Story 3 2010
96%
Brave 2012
96%
Monsters, University 2013
96%
Inside Out 2015
96%
Finding Dory 2016
96%
Coco 2017
96%
The Incredibles 2 2018
96%
Toy Story 4 2019
96%
Soul 2020
96%
Onward 2020
96%
Luca 2021
96%
Turning Red 2022
96%
Elemental 2023
96%
Inside Out 2 2024
96%
The Good Dinosaur 2015
94%
No matching quizzes found
Score Distribution
Percent of People with Each Score
Percentile by Number Answered
Your Score History
You have not taken this quiz since the last reset